Central Library OPAC University of Rajshahi

Dastanbūy : (Record no. 26097)

MARC details
000 -LEADER
fixed length control field 01023cam a2200277 4500
001 - CONTROL NUMBER
control field 26097
003 - CONTROL NUMBER IDENTIFIER
rucl marc code BD-RjUL
005 - DATE AND TIME OF LATEST TRANSACTION
control field 20211209050954.0
008 - FIXED-LENGTH DATA ELEMENTS--GENERAL INFORMATION
fixed length control field 140320s1970 nyuc b 001 0 eng
020 ## - INTERNATIONAL STANDARD BOOK NUMBER
International Standard Book Number 0210223383
035 ## - SYSTEM CONTROL NUMBER
System control number (BD-RjUL)26167
040 ## - CATALOGING SOURCE
Original cataloging agency DLC
Transcribing agency DLC
Modifying agency DLC
Language of cataloging eng
041 1# - LANGUAGE CODE
Language code of text/sound track or separate title engper
082 00 - DEWEY DECIMAL CLASSIFICATION NUMBER
Classification number 954.03170924
Author mark and year GHD 1970
100 1# - MAIN ENTRY--PERSONAL NAME
Personal name Ghalib, Mirza Asadullah Khan,
Dates associated with a name 1797-1869.
9 (RLIN) 80200
245 10 - TITLE STATEMENT
Title Dastanbūy :
Remainder of title a diary of the Indian revolt of 1857 /
Statement of responsibility, etc. by Mirza Asadullah Khan Ghalib. Translated from the Persian with a critical introd., glossary, and notes by Khwaja Ahmad Faruqi.
260 ## - PUBLICATION, DISTRIBUTION, ETC. (IMPRINT)
Place of publication, distribution, etc. New York :
Name of publisher, distributor, etc. Asia Pub. House,
Date of publication, distribution, etc. 1970.
300 ## - PHYSICAL DESCRIPTION
Pagination 96 p. :
Illustrations port. ;
Size 22 cm.
504 ## - BIBLIOGRAPHY, ETC. NOTE
Bibliography, etc Includes bibliographical references.
600 10 - SUBJECT ADDED ENTRY--PERSONAL NAME
Personal name Ghalib, Mirza Asadullah Khan,
Dates associated with a name 1797-1869
General subdivision Diaries.
651 #0 - SUBJECT ADDED ENTRY--GEOGRAPHIC NAME
Geographic name Delhi (India)
General subdivision History
Chronological subdivision Siege, 1857.
9 (RLIN) 79312
700 1# - ADDED ENTRY--PERSONAL NAME
Personal name Fārūqī, K̲h̲vājah Aḥmad,
Dates associated with a name 1917-
942 ## - ADDED ENTRY ELEMENTS (KOHA)
Source of classification or shelving scheme Dewey Decimal Classification
Koha item type Books
Holdings
Lost status Source of classification or shelving scheme Damaged status Not for loan Collection code Permanent Location Current Location Shelving location Date acquired Source of acquisition Cost, normal purchase price Total Checkouts Full call number Date last seen Copy number Koha item type
  Dewey Decimal Classification     Non-fiction Central Library, University of Rajshahi Central Library, University of Rajshahi   21/04/1976 K.P. Bangali and calcuta 22.00   954.03170924 GHD 1970 20/03/2014 C-2 Books
  Dewey Decimal Classification     Non-fiction Central Library, University of Rajshahi Central Library, University of Rajshahi   24/06/1974 India Govt Gift. 0.00   954.03170924 GHD 1970 20/03/2014 C-2 Books